The meaning of money (Record no. 552013)
[ view plain ]
| 000 -LEADER | |
|---|---|
| fixed length control field | 00364nam a22001337a 4500 |
| 082 ## - DEWEY DECIMAL CLASSIFICATION NUMBER | |
| Classification number | 332.4 |
| Author Mark | WIT |
| 100 ## - MAIN ENTRY--PERSONAL NAME | |
| Personal name | Withers, Hartley |
| 9 (RLIN) | 49200 |
| 245 ## - TITLE STATEMENT | |
| Title | The meaning of money |
| Statement of responsibility, etc. | Withers, Hartley |
| 260 ## - PUBLICATION, DISTRIBUTION, ETC. | |
| Place of publication, distribution, etc. | London |
| Name of publisher, distributor, etc. | Smith, Elder & Co |
| Date of publication, distribution, etc. | 1911 |
| 300 ## - PHYSICAL DESCRIPTION | |
| Extent | 305p.: |
| Other physical details | ill,; |
| Dimensions | 20 cm. |
| 526 ## - STUDY PROGRAM INFORMATION NOTE | |
| Program name | 0 |
| Interest level | 0 |
| Reading level | 0 |
| Title point value | 332_400000000000000_WIT |
| 650 ## - SUBJECT ADDED ENTRY--TOPICAL TERM | |
| Topical term or geographic name entry element | MCE |
| 9 (RLIN) | 379 |
| 942 ## - ADDED ENTRY ELEMENTS (KOHA) | |
| Source of classification or shelving scheme | |
| Koha item type | Book |
| Withdrawn status | Lost status | Source of classification or shelving scheme | Damaged status | Not for loan | Permanent Location | Current Location | Shelving location | Date acquired | Total Checkouts | Full call number | Barcode | Date last seen | Price effective from | Koha item type |
|---|---|---|---|---|---|---|---|---|---|---|---|---|---|---|
| Military College of Engineering (MCE) | Military College of Engineering (MCE) | 01/06/2015 | 332.4 WIT | MCE-ECM.7 | 01/06/2015 | 03/14/2021 | Book |
